000 00697nam a22002177a 4500
999 _c10412
_d10412
003 AR-CdUCM
008 190401b ||||| |||| 00| 0 spa d
040 _aMUNICIPALIDAD PROVINCIAL DEL CUSCO
_cBIBLIOTECA MUNICIPAL DEL CUSCO
082 _aES / 895.1 /
_bG993
100 _aJin, Ba
_927248
245 _aNoche helada /
260 _aChina :
_bEdiciones de lenguas extranjeras,
_c1982.
300 _a271 páginas ;
_bIlustraciones,
_c20 cm.
505 _aContenido: Literatura China.
650 _aLiteratura China
_99978
650 _aLiteratura escolar
_926679
650 _aChina
_9843
700 _aGuzman, María Teresa (versión español)
_927249
942 _2ddc
_cLIBROS
945 _adavv